Central Library OPAC University of Rajshahi

The impact of air power : (Record no. 5795)

MARC details
000 -LEADER
fixed length control field 00847cam a2200265I 4500
001 - CONTROL NUMBER
control field 5795
003 - CONTROL NUMBER IDENTIFIER
rucl marc code BD-RjUL
005 - DATE AND TIME OF LATEST TRANSACTION
control field 20211208234129.0
008 - FIXED-LENGTH DATA ELEMENTS--GENERAL INFORMATION
fixed length control field 07 s1959 njuab bb 000 0 eng
035 ## - SYSTEM CONTROL NUMBER
System control number (BD-RjUL)5834
040 ## - CATALOGING SOURCE
Original cataloging agency BD-RjUL
Transcribing agency LOL
Modifying agency BD-RjUL
Language of cataloging eng
041 ## - LANGUAGE CODE
Language code of text/sound track or separate title eng
082 ## - DEWEY DECIMAL CLASSIFICATION NUMBER
Edition number 22
Classification number 358.4082
Author mark and year EMI 1959
100 ## - MAIN ENTRY--PERSONAL NAME
Personal name Emme, Eugene Morlock.
9 (RLIN) 148652
245 14 - TITLE STATEMENT
Title The impact of air power :
Remainder of title national security and world politics /
Statement of responsibility, etc. by Eugene M. Emme.
260 ## - PUBLICATION, DISTRIBUTION, ETC. (IMPRINT)
Place of publication, distribution, etc. Princeton, N.J. :
Name of publisher, distributor, etc. Van Nostrand,
Date of publication, distribution, etc. 1959
300 ## - PHYSICAL DESCRIPTION
Pagination xiv, 914 p. :
Illustrations maps (1 fold.) diagrs. ;
Size 23 cm.
504 ## - BIBLIOGRAPHY, ETC. NOTE
Bibliography, etc Includes bibliographical references.
650 #0 - SUBJECT ADDED ENTRY--TOPICAL TERM
Topical term or geographic name as entry element Air power.
9 (RLIN) 18205
Topical term or geographic name as entry element Air warfare.
9 (RLIN) 18206
Topical term or geographic name as entry element Military policy.
9 (RLIN) 18207
830 #0 - SERIES ADDED ENTRY--UNIFORM TITLE
Volume number/sequential designation 12.
Uniform title Law books recommended for libraries.
942 ## - ADDED ENTRY ELEMENTS (KOHA)
Source of classification or shelving scheme Dewey Decimal Classification
Koha item type Books
Holdings
Lost status Source of classification or shelving scheme Damaged status Not for loan Collection code Permanent Location Current Location Date acquired Source of acquisition Cost, normal purchase price Total Checkouts Full call number Date last seen Copy number Koha item type Shelving location
  Dewey Decimal Classification     Non-fiction Central Library, University of Rajshahi Central Library, University of Rajshahi 30/04/1968 Zeitlinger 125.00   358.4082 EMI 1959 07/01/2014 C-2 Books  
  Dewey Decimal Classification     Non-fiction Central Library, University of Rajshahi Central Library, University of Rajshahi 24/10/1973 U.S Govt.     358.4082 EMI 1959 21/08/2016 C-3 Books  
  Dewey Decimal Classification     Non-fiction Central Library, University of Rajshahi Central Library, University of Rajshahi 11/11/1963 Zeitlinger 81.00   358.4082 EMI 1959 21/08/2016 C-4 Books  
  Dewey Decimal Classification     Non-fiction Central Library, University of Rajshahi Central Library, University of Rajshahi 30/04/1968 Zeitlinger 125.00   358.4082 EMI 1959 21/08/2016 C-5 Books